LEADER 01137nam0-22004091i-450- 001 990000680410403321 005 20110203165400.0 010 $z88-220-3353-X 035 $a000068041 035 $aFED01000068041 035 $a(Aleph)000068041FED01 035 $a000068041 100 $a20020821d1982----km-y0itay50------ba 101 0 $aita 102 $aIT 105 $ay-------001yy 200 1 $aHermann Finsterlin$edal gioco di stile all'architettura marsupiale$fGiacomo Ricci 210 $aBari$cEdizioni Dedalo$d1982 215 $a58 p., [79] c. di tav.$d18 cm 225 1 $aUniversale di architettura$v53 610 0 $aArchitettura tedesca 610 0 $aFinsterlin, Hermann 676 $a720.943 700 1$aRicci,$bGiacomo$010376 801 0$aIT$bUNINA$gRICA$2UNIMARC 901 $aBK 912 $a990000680410403321 952 $a01 DA 5127$b05233$fDINST 952 $a521050$fDCATA 952 $a10.208$b7544$fDARST 952 $a30.1185$bs.i.$fDARST 952 $a30.1187$b9234$fDARST 959 $aDINST 959 $aDCATA 959 $aDARST 996 $aHermann Finsterlin$9325605 997 $aUNINA LEADER 01255nam a2200277 i 4500 001 991001413349707536 008 111004s1998 it 100 0 ita d 020 $a8888321527 035 $ab14010641-39ule_inst 040 $aDip.to Studi Giuridici$bita 082 0 $a341.481 245 03$aLa Corte europea dei diritti umani e l'esecuzione delle sue sentenze :$bSIOI, Palazzetto Venezia, Roma, 6-7 giugno 2002 260 $aNapoli :$bEditoriale scientifica,$c2003 300 $a191 p. ;$c24 cm. 440 3$aLa comunitą internazionale.$pQuaderni.$nN. S. ;$v7 500 $aIn testa al front.: Societį italiana per l'organizzazione internazionale 504 $aContiene bibliografia 610 24$aCorte europea dei diritti dell'uomo$xSentenze$vCongressi 650 4$aDiritti dell'uomo$xDiritto costituzionale$vCongressi 710 2 $aSocietą italiana per l'organizzazione internazionale 907 $a.b14010641$b02-04-14$c04-10-11 912 $a991001413349707536 945 $aLE027 341.48 SIOI01.01$g1$i2027000292332$lle027$og$pE10.00$q-$rl$s- $t0$u2$v1$w2$x0$y.i15327085$z04-10-11 996 $aCorte europea dei diritti umani e l'esecuzione delle sue sentenze$966630 997 $aUNISALENTO 998 $ale027$b04-10-11$cm$da $e-$fita$git $h3$i0